Prácticas contables en uso en los paises miembros de la O.C.D.E (Registro nro. 6365)
[ vista simple ]
| 000 -LEADER | |
|---|---|
| fixed length control field | 00826 a2200217 4500 |
| 001 - CONTROL NUMBER | |
| control field | 57985 |
| 005 - DATE AND TIME OF LATEST TRANSACTION | |
| control field | 20260407155839.0 |
| 008 - FIXED-LENGTH DATA ELEMENTS--GENERAL INFORMATION | |
| fixed length control field | 260407a1980 arg spa d |
| 003 - CONTROL NUMBER IDENTIFIER | |
| control field | AR-UNSa-BCEJYS |
| 040 ## - CATALOGING SOURCE | |
| Original cataloging agency | AR-UNSa-BCEJYS |
| Language of cataloging | spa |
| Transcribing agency | AR-UNSa-BCEJYS |
| 080 ## - UNIVERSAL DECIMAL CLASSIFICATION NUMBER | |
| Universal Decimal Classification number | 657(083.74) |
| Common auxiliary subdivision | Normas Contables |
| 041 ## - LANGUAGE CODE | |
| Language code of text/sound track or separate title | spa |
| 100 1# - MAIN ENTRY--PERSONAL NAME | |
| Personal name | Organización de Cooperación y Desarrollo Económico (OCDE) |
| 245 10 - TITLE STATEMENT | |
| Title | Prácticas contables en uso en los paises miembros de la O.C.D.E |
| 264 #1 - PRODUCTION, PUBLICATION, DISTRIBUTION, MANUFACTURE, AND COPYRIGHT NOTICE | |
| Place of production, publication, distribution, manufacture | Madrid : |
| Name of producer, publisher, distributor, manufacturer | Ministerio de Economía y Hacienda |
| Date of production, publication, distribution, manufacture, or copyright notice | 1980 |
| 300 ## - PHYSICAL DESCRIPTION | |
| Extent | 324 p. |
| Dimensions | 29 cm. |
| 505 ## - FORMATTED CONTENTS NOTE | |
| Formatted contents note | 1. Prácticas contables en los países miembros – 2. Cuestionario – 3. Respuesta de los países miembros |
| 590 ## - LOCAL NOTE (RLIN) | |
| Local note | niveau_biblio:m niveau_hierar:0 |
| 700 1# - ADDED ENTRY--PERSONAL NAME | |
| Personal name | Comité de Inversión Internacional y Empresas Multinacionales |
| 942 ## - ADDED ENTRY ELEMENTS (KOHA) | |
| Koha item type | |
| Withdrawn status | Lost status | Damaged status | Not for loan | Home library | Current library | Shelving location | Date acquired | Total checkouts | Full call number | Barcode | Date last seen | Price effective from | Koha item type |
|---|---|---|---|---|---|---|---|---|---|---|---|---|---|
| Biblioteca Prof. Eusebio Cleto del Rey | Biblioteca Prof. Eusebio Cleto del Rey | 07/04/2026 | 657(083.74) O68 | L128903 | 07/04/2026 | 07/04/2026 | Libro |